000 00695nam a22002051 4500
001 21384
003 CZ PrNK
005 20260228121906.0
008 020417s1956 xo slo
040 _aABA001
_bcze
_cABA001
_dABA001
100 1 _aHviezdoslav, Pavol Országh,
_d1849-1921
_4aut
245 1 0 _aKratšia epika zo života dedinského ľudu /
_cHviezdoslav ; Ed. pripr. a pozn. doplnil Andrej Kostolný
260 _aBratislava :
_b[s.n.],
_c1956
300 _a474 s.
490 1 _aSpisy v 12 zväzkoch (Hviezdoslav, P.O.) ;
_vZv. 10
700 1 _aKostolný, Andrej,
_d1903-1984
_4com
830 0 _aSpisy v 12 zväzkoch (Hviezdoslav, P.O.)
910 _aABA001
942 _2ddc
_cKLDO
_n0
999 _c21384
_d21384